| 000 | 00572nam a2200229Ia 4500 | ||
|---|---|---|---|
| 003 | OSt | ||
| 005 | 20220928105237.0 | ||
| 006 | a|||||r|||| 00| 0 | ||
| 007 | ta | ||
| 008 | 220927b |||||||| |||| 00| 0 eng d | ||
| 024 | _a27580 | ||
| 037 | _cTextual | ||
| 040 |
_aSDCL _cSDCL _beng |
||
| 041 |
_2eng _aeng |
||
| 082 | _aV2y7M69x, K9 | ||
| 100 |
_aMishra Bhavani Prasad _9414488 |
||
| 245 | 0 | _aMrutyunjayi. | |
| 260 |
_aDelhi _c1969 |
||
| 300 |
_a343p _ccm. |
||
| 942 |
_hV2y7M69x, K9 _cTEXL _2CC |
||
| 999 |
_c730318 _d730318 |
||